00435 a2200133 4500008004100000020001800041082002100059245008300080250001300163260004800176300002500224650002500249700002700274150713s2014 enk g 000 0 eng d a978129202618300a744.422222bGFT00aTechnical Drawing with Engineering Graphics /cFrederick E. Giesecke [et al.]. a14th ed. aHarlow :bPearson Education Limited,c2014. aiv, 840 p. ;c24 cm. 0aEngineering graphics1 aGiesecke, Frederick E.